004870000a2200145000450008200120000010000220001224500800003426000380011444000290015250000180018100100050019994200080020495201120021299900170032404aB P473v1 aPfarherr, Liliana10a¿Veo veo qué ves? / Liliana Pfarherr ; ilustraciones Claudia Degliuomini aArgentina : Editorial Guadal S.A. 0aCol, el gato de hojalata aLibro de tela1336 cLGB 0010304070aBINCObBINCOd2008-07-16l0oB P473v pB31877r2016-11-24 00:00:00t1w2016-01-26yLGBB0C3 c48503d48503